Smallest Countries by Square Miles Quiz Stats

 Plays Quiz not verified by Sporcle

Score 0/17 Timer 03:00
0 Plays Today
Square Miles Countries % Correct
????
100%
????
100%
????
95.7%
????
82.6%
????
78.3%
????
69.6%
????
47.8%
????
43.5%
????
30.4%
Square Miles Countries % Correct
????
26.1%
????
21.7%
????
17.4%
????
13%
????
13%
????
8.7%
????
8.7%
????
8.7%

You're not logged in!

Compare scores with friends on all Sporcle quizzes.
OR
Log In

Show Comments

Extras

Created Apr 5, 2012ReportNominate
Tags:Country Quiz, mile, smallest, square

Top Quizzes Today


Score Distribution

Your Account Isn't Verified!

In order to create a playlist on Sporcle, you need to verify the email address you used during registration. Go to your Sporcle Settings to finish the process.

Report this User

Report this user for behavior that violates our Community Guidelines.

Details: